Agroecological zonation of the rubber plantations of Kerala and comparison of soil fertility between the agrological units (Record no. 74719)

MARC details
000 -LEADER
fixed length control field 00574nam a22001097a 4500
100 ## - MAIN ENTRY--AUTHOR NAME
Personal name Joseph, M
245 ## - TITLE STATEMENT
Title Agroecological zonation of the rubber plantations of Kerala and comparison of soil fertility between the agrological units
260 ## - PUBLICATION, DISTRIBUTION, ETC. (IMPRINT)
Name of publisher PLACROSYM XXIV: Coping with Pandemic and Beyond: Research and Innovations in the Plantation Crops Sector, 14-16 December 2021, Indian Cardamom Research Institute, Kochi, India, Book of Abstracts, pp. 106-107
650 ## - SUBJECT ADDED ENTRY--TOPICAL TERM
Topical Term Agroecology, Agroecological zones/units, Soil fertility, Soil heath
700 ## - ADDED ENTRY--PERSONAL NAME
Personal name Pradeep, B
942 ## - ADDED ENTRY ELEMENTS (KOHA)
Koha item type Journals
Holdings
Withdrawn status Lost status Damaged status Not for loan Home library Current library Date acquired Koha item type
        RRII Library RRII Library 07/07/2022 Journals